Fr. Conceicao Rodrigues College of Engineering

Digital Transister Circuits (Record no. 28719)

MARC details
000 -LEADER
fixed length control field 00361nam a2200145Ia 4500
082 ## - DEWEY DECIMAL CLASSIFICATION NUMBER
Classification number 621.3815304
Item number HA
100 ## - MAIN ENTRY--PERSONAL NAME
Personal name Harris/J.N/ Gray/ P.E
245 ## - TITLE STATEMENT
Title Digital Transister Circuits
260 ## - PUBLICATION, DISTRIBUTION, ETC.
Name of publisher, distributor, etc. WILEY EASTERN LIMITED
Place of publication, distribution, etc. New Delhi
Date of publication, distribution, etc. 1973
300 ## - PHYSICAL DESCRIPTION
Extent 221
546 ## - LANGUAGE NOTE
Language note ENGLISH
650 ## - SUBJECT ADDED ENTRY--TOPICAL TERM
Topical term or geographic name entry element Digital electronics
654 ## - SUBJECT ADDED ENTRY--FACETED TOPICAL TERMS
Focus term digital electronics
942 ## - ADDED ENTRY ELEMENTS (KOHA)
Koha item type BOOK
Holdings
Withdrawn status Lost status Damaged status Not for loan Collection Home library Current library Shelving location Date acquired Cost, normal purchase price Total Checkouts Full call number Barcode Date last seen Cost, replacement price Price effective from Koha item type
        CRC Fr. Agnel's C.Rodrigues College of Engineering Fr. Agnel's C.Rodrigues College of Engineering   17/03/2023 14.00   621.38153042 HA 360 17/03/2023 14.00 17/03/2023 BOOK
        CRC Fr. Agnel's C.Rodrigues College of Engineering Fr. Agnel's C.Rodrigues College of Engineering   17/03/2023 14.00   621.38153042 HA 361 17/03/2023 14.00 17/03/2023 BOOK